| 000 | 00329nam a22001217a 4500 | ||
|---|---|---|---|
| 082 |
_a823 _bPAI/T |
||
| 100 | _aPAI, ANAND | ||
| 245 | _aTAES FROM HITOPADESHA- HOW FRIENDS | ||
| 246 |
_aTAES FROM HITOPADESHA- HOW FRIENDS _bTAES FROM HITOPADESHA- HOW FRIENDS |
||
| 260 | _aINDIA BOOK HOUSE | ||
| 650 | _aENGLISH STORIES | ||
| 942 | _cBK | ||
| 999 |
_c8776 _d8776 |
||